000 00707nam a22001577a 4500
003 SGT
020 _a9788120342422
082 _a535.05
_bMAH
100 _aMEHTA,NEERAJ
245 _aAPPLIED PHYSICS FOR ENGINEERS
260 _aNEW DELHI
_bPHI
_c2014
300 _a998
650 _aPHYSICS
653 _aRELATIVISTIC MECHANICS, QUANTUM MECHANICS, STATISTICAL MECHANICS, GEOMETRICAL OPTICS, PHYSICAL OPTICS, X-RAYS, LASERS AND HOLOGRAPHY, ULTRASONIC, FIBER OPTICS, ELECTROSTATICS, ELECTROMAGNETIC THEORY, MAGNETIC PROPERTIES OF MATERIALS, DIELECTRIC PROPERTIES OF MATERIALS, SOLID STATE ELECTRONICS, DIGITAL ELECTRONICS, NUCLEAR PHYSICS, NANOTECHNOLOGY, SUPERCONDUCTIVITY, ACOUSTICS
942 _2ddc
_cBK
_01
999 _c8247
_d8247